00938nam a2200205 i 4500001000700000003000900007005001700016008004100033080001200074100002400086245014800110260003300258300002100291510002600312530003500338650001600373852008300389852009200472856016800564160108ES-MaACL20230906211933.0990427q1868 sp |||| | spa d a629.1271 aMonturiol, Narciso.13aLa navegación submarina : bmemoria leída por el inventor del ictíneo en la Junta General de 12 de enero de 1868 / c[Narciso Monturiol]. a[Barcelona : bs.n., c1868] a22 p. ; c26 cm.4 aPalau, ct. X, 179869 aDisponible en formato digital. 4aSubmarinos.4 aES-MaACLjT-60-F-10 z- Enc. hol., falto de port. z- Enc. en un vol. facticio4 aES-MaACLjT-65-F-7 z- Enc. hol., falto de port. z- Enc. en un vol. facticio4 uhttp://www.bibgirona.cat/pandora/viewer.vm?id=0000645641 zDigitalización y difusión del patrimonio bibliográfico y hemerográfico de la provincia de Girona